| 000 | 00609nam a2200205 a 4500 | ||
|---|---|---|---|
| 005 | 20210219152842.0 | ||
| 008 | 991125n 000 0 eng u | ||
| 035 | _aUPN01000063153 | ||
| 110 | _aASSOCIATION FOR EDUCATIONAL COMMUNICATIONS AND TECHNOLOGY | ||
| 222 | _aEDUCATIONAL MEDIA AND TECHNOLOGY YEARBOOK | ||
| 245 | _aAECT : Association for Educational Communications and Technology | ||
| 300 | _a150-152 | ||
| 362 | _a1993 vol. 19 | ||
| 653 | 0 | _aAECT | |
| 653 | 0 | _aCOMPUTACION EDUCATIVA | |
| 653 | 0 | _aENSEĆANZA | |
| 653 | 0 | _aTECNOLOGIA EDUCATIVA | |
| 904 |
_aAC _b000964 |
||
| 905 | _aArticulo | ||
| 999 |
_c62008 _d62008 |
||